000 00498nam a2200181Ia 4500
008 100917s9999 xx 000 0 und d
082 _b34508
100 _aपरांजपे अशोक
245 _aरक्ताची तहान
260 _b---
_c1978
300 _a189
365 _b20
520 _aकादंबरी
630 _aरक्ताची तहान
650 _aकादंबरी
730 _aरक्ताची तहान
942 _cBOOK
999 _c639902
_d639899